History Quiz

Random History Quiz

Last Imperial Family of Russia Quiz Stats

 Plays Quiz not verified by Sporcle

Support Sporcle.
Go Orange.
Score 0/7 Timer 05:00
0 Plays Today
Royal Title Name % Correct
TsarNicholas Romanov
99.4%
Grand DuchessAnastasia Nikolaevna
94.5%
TsarinaAlexandra Feodorovna
89%
Grand DuchessOlga Nikolaevna
82.8%
TsarevichAlexei Nikolaevich
80.4%
Grand DuchessMaria Nikolaevna
80.4%
Grand DuchessTatiana Nikolaevna
79.1%

You're not logged in!

Compare scores with friends on all Sporcle quizzes.
OR
Log In

From the Vault

Male TV Characters 7-to-1

by samc67

''You miss 100% of the shots you don't take. -Wayne Gretzky' -Michael Scott
Remove Ads.
Support Sporcle.
Get the best of Sporcle when you Go Orange. This ad-free experience offers more features, more stats, and more fun while also helping to support Sporcle. Thank you for becoming a member.

Show Comments

Extras

Created Feb 13, 2011ReportNominate
Tags:Romanov

Top Quizzes Today


Score Distribution

Your Account Isn't Verified!

In order to create a playlist on Sporcle, you need to verify the email address you used during registration. Go to your Sporcle Settings to finish the process.

Report this User

Report this user for behavior that violates our Community Guidelines.

Details: